00463 2200181 4500001002100000005001500021035002000036008004100056245003000097100001100127260003600138300002500174020002200199084001900221082001300240650001600253990001200269INLIS00000000000001420250113101134 a0010-0125000014250113 0 ind 1 aAkuntansi Pajak /cWaluyo aWaluyo aJakarta :bSalemba Empat,c2020 a472 hlm. ;c19x26 cm a978-979-061-922-7 a540.1.03 WAL a a540.1.03 4aPerpajakkan aB000030